| 000 | 01625nac a2200385 i 4500 | ||
|---|---|---|---|
| 003 | EG-ScBUE | ||
| 005 | 20241120122437.0 | ||
| 008 | 100322s2010 nyua f b 001 0 eng d | ||
| 020 | _a9780071267595 | ||
| 020 | _a007126759X | ||
| 040 |
_aEG-ScBUE _beng _erda _cEG-ScBUE _dEG-ScBUE |
||
| 082 | 0 | 4 |
_a518.02462 _bCHA _222 |
| 100 | 1 |
_aChapra, Steven C., _eauthor. _912958 |
|
| 245 | 1 | 0 |
_aNumerical methods for engineers / _cSteven C. Chapra, Berger Chair in Computing and Engineering Tufts University, Raymond P. Canale, professor emeritus of civil engineering, University of Michigan. |
| 250 | _aSixth edition. | ||
| 250 | _aMcGraw-Hill international Edition. | ||
| 264 | 1 |
_aNew York : _bMcGraw-Hill Higher Education, _c2010. |
|
| 300 |
_axviii, 968 pages : _billustrations ; _c24 cm |
||
| 336 |
_2rdacontent _atext _btxt |
||
| 337 |
_aunmediated _2rdamedia _bn |
||
| 338 |
_avolume _bnc _2rdacarrier |
||
| 504 | _aIncludes bibliographical references and index. | ||
| 590 | _aCatalogued by : Mostafa El-Helaly | ||
| 650 | 7 |
_aEngineering mathematics _xData processing. _912959 _2BUEsh |
|
| 650 | 7 |
_aNumerical calculations _xData processing. _912960 _2BUEsh |
|
| 650 | 7 |
_aMicrocomputers _xProgramming. _912961 _2BUEsh |
|
| 651 | _2BUEsh | ||
| 653 | _cAugust2015 | ||
| 655 | _vReading book | ||
| 700 | 1 |
_aCanale, Raymond P., _912962 _eauthor. |
|
| 856 | 4 | 2 |
_3Publisher description _uhttp://www.loc.gov/catdir/enhancements/fy0702/2005008475-d.html |
| 856 | 4 | 2 |
_3Table of contents only _uhttp://www.loc.gov/catdir/enhancements/fy0702/2005008475-t.html |
| 942 |
_cBB _2ddc |
||
| 999 |
_c14987 _d14987 |
||